| 000 | 00740nam a2200229 a 4500 | ||
|---|---|---|---|
| 001 | 63689 | ||
| 003 | BD-RjUL | ||
| 005 | 20211209081225.0 | ||
| 008 | 170202s2008 ii ||||| |||| 00| 0 ben d | ||
| 020 | _a9788177567274 | ||
| 035 | _a(BD-RjUL)63818 | ||
| 040 |
_aBD-RjUL _bben _cBD-RjUL |
||
| 041 | _aben | ||
| 082 |
_223 _a891.444 _bDAK 2008 |
||
| 100 |
_aদাস, বিপুল _9175741 |
||
| 245 | 1 | 0 |
_aকালের পুতুল এবং / _cবিপুল দাস |
| 260 |
_aকলিকাতা : _bআনন্দ, _c২০০৮ |
||
| 300 |
_a৪৫৫ পৃ. ; _c২১ সেমি. |
||
| 650 |
_aবাংলা প্রবন্ধ _9170454 |
||
| 650 |
_aBengali Essays _9170481 |
||
| 942 |
_2ddc _cBK |
||
| 999 |
_c63689 _d63689 |
||